Loreto College Library, Kolkata
WEBOPAC (ONLINE PUBLIC ACCESS CATALOGUE)

The Problems of philosophy (Record no. 18283)

MARC details
000 -LEADER
fixed length control field 00579nam a2200193Ia 4500
005 - DATE AND TIME OF LATEST TRANSACTION
control field 20221031103122.0
008 - FIXED-LENGTH DATA ELEMENTS--GENERAL INFORMATION
fixed length control field 131103s9999 xx 000 0 und d
040 ## - CATALOGING SOURCE
Original cataloging agency Loreto College
041 ## - LANGUAGE CODE
Language code English
082 ## - DDC | ডিউই
Classification number | বর্গসংখ্যা 100
Book Number | গ্রন্থাঙ্ক ALS
245 #4 - TITLE STATEMENT | অাখ্যা বিবরণী
Title | অাখ্যা The Problems of philosophy
Sub title | উপঅাখ্যা introductory readings
Statement of responsibility | লেখকের দায়িত্বের বিবরণ edited by William P. Alston and Richard B. Brandit
260 ## - IMPRINT | প্রকাশনা ক্ষেত্র
Place of publication | প্রকাশ স্থান Boston
Name of publisher | প্রকাশকের নাম Allyn and Bacon
Date of publication | প্রকাশ কাল 1967
300 ## - PHYSICAL DESCRIPTION |
Page / Vol. No | পৃষ্ঠা / খন্ড সংখ্যা ix,722p
504 ## - BIBLIOGRAPHY, ETC. NOTE
Bibliography, etc Includes bibliographical references and index
650 ## - SUBJECT ADDED ENTRY--TOPICAL TERM | বিষয় শিরোনাম - মূল বিষয়
Topical term | মূল বিষয় Philosophy
700 ## - ADDED ENTRY--PERSONAL NAME | অতিরিক্ত সংলেখ - ব্
Personal name | ব্যাক্তিনাম Alston, William P. , ed.
850 ## - HOLDING INSTITUTION
Holding institution LCLIB
942 ## - ADDED ENTRY ELEMENTS (KOHA)
Koha item type Books
Holdings
Withdrawn status Lost status Source of classification Damaged status Not for loan Home library Current library Date acquired Total Checkouts Full call number Accession No. Date last seen Price effective from Koha item type Coded location qualifier
    Dewey Decimal Classification     Loreto College Loreto College 04/11/2013   100 ALS 24683 B18849 22/06/2018 04/11/2013 Books